000 00309nam a22001337a 4500
008 171017b xxu||||| |||| 00| 0 eng d
020 _a181580
041 _aeng
080 _25TH
_a330.101.542
100 _a52
101 _a330.101.542
245 _aPRINCIPLESOF MICROECONOMICS
_cKALLEN,R
942 _2udc
_cBK
999 _c34496
_d34496